Confrontaciones teóricas de la reconceptualización /
Analiza el movimiento de reconceptualización del servicio social en América Latina. Señala que para comprender esta cuestión se debe tener claras las relaciones de dominación y dependencia entre los Estados Unidos y los países latinoamericanos, principalmente en el proceso de movilización popular, r...
Kaydedildi:
| Yazar: | |
|---|---|
| Materyal Türü: | Metin |
| Konular: | |
| Etiketler: |
Etiketle
Etiket eklenmemiş, İlk siz ekleyin!
|
MARC
| LEADER | 00000 a a2200000 04500 | ||
|---|---|---|---|
| 001 | 124 | ||
| 003 | |||
| 040 | |||
| 100 | |a Faleiros, V. de Paula | ||
| 245 | |a Confrontaciones teóricas de la reconceptualización / |c V. de Paula Faleiros | ||
| 520 | |a Analiza el movimiento de reconceptualización del servicio social en América Latina. Señala que para comprender esta cuestión se debe tener claras las relaciones de dominación y dependencia entre los Estados Unidos y los países latinoamericanos, principalmente en el proceso de movilización popular, reforma y autoritarismo político: es en este proceso que se hace preciso situar el movimiento de reconceptualización, no como un proyecto aislado y vanguardista, sino más como un proceso vivo y contradictorio, de cambios en el interior del servicio social, en el implicito del recuerdo de las luchas de clases y golpes de estado de la realidad latinoamericana. El análisis en cuestión presenta cuatro dimensiones específicas de referencia: la tendencia político-ideológica, la teoría del conocimiento explícita e implícita en esta propuesta, la operacionalización o proyecto de práctica y la definición del objeto y objetivos del servicio social. HBQ/mb | ||
| 650 | |a SOCIEDAD | ||
| 650 | |a RELACIONES INTERNACIONALES | ||
| 650 | |a CLASES SOCIALES | ||
| 650 | |a POLITICA | ||
| 650 | |a ECONOMIA | ||
| 650 | |a IDEOLOGIAS | ||
| 650 | |a SERVICIOS SOCIALES | ||
| 650 | |a INTERDEPENDENCIA ECONOMICA | ||
| 773 | |g número 21; páginas 51-66 | ||
| 999 | |c 26775 |d 26775 | ||
| 773 | 0 | |0 18808 |9 2658 |a Asociación Latinoamericana de Escuelas de Trabajo Social |d Lima, Perú |o 02737 |t REVISTA ACCIÓN CRÍTICA | |
